Excavaciones en la terraza de "El Khiam" (Jordania) / (Record no. 74198)

MARC details
000 -LEADER
campo de control de longitud fija 01129nam a2200265 i 4500
001 - NÚMERO DE CONTROL
campo de control 74198
003 - IDENTIFICADOR DE NÚMERO DE CONTROL
campo de control ES-MaACL
005 - FECHA Y HORA DE LA ÚLTIMA TRANSACCIÓN
campo de control 20230906172041.0
007 - CAMPO FIJO DE DESCRIPCIÓN FÍSICA--INFORMACIÓN GENERAL
campo de control de longitud fija t|
008 - DATOS DE LONGITUD FIJA--INFORMACIÓN GENERAL
campo de control de longitud fija 040916s1964 sp ||||1| spa d
100 1# - ENTRADA PRINCIPAL--NOMBRE DE PERSONA
Nombre de persona González Echegaray, Joaquín.
9 (RLIN) 58609
245 10 - MENCIÓN DEL TÍTULO
Título Excavaciones en la terraza de "El Khiam" (Jordania) /
Mención de responsabilidad, etc. Joaquín González Echegaray.
260 ## - PUBLICACIÓN, DISTRIBUCIÓN, ETC.
Lugar de publicación, distribución, etc. Madrid :
Nombre del editor, distribuidor, etc. [s.n.],
Fecha de publicación, distribución, etc. 1964 (
Lugar de fabricación/manufactura Santander :
Fabricante Bedia)
300 ## - DESCRIPCIÓN FÍSICA
Extensión V., 34 lám. :
Otras características físicas il. ;
Dimensiones 32 cm.
490 1# - MENCIÓN DE SERIE
Mención de serie Biblioteca praehistorica hispana ;
Designación de volumen o secuencia 5
500 ## - NOTA GENERAL
Nota general Precede al tit.: Consejo Superior de Investigaciones Científicas. Instituto Español de Prehistoria. Casa Española de Santiago de Jerusalén para Estudios Bíblicos y Orientales.
500 ## - NOTA GENERAL
Nota general Es el t.1.
505 8# - NOTA DE CONTENIDO CON FORMATO
Nota de contenido con formato Contiene: I. Estudio del yacimiento y los niveles paleolíticos
651 ## - PUNTO DE ACCESO ADICIONAL DE MATERIA--NOMBRE GEOGRÁFICO
Nombre geográfico Jordania-
Subdivisión general Restos arqueológicos.
9 (RLIN) 172809
651 #4 - PUNTO DE ACCESO ADICIONAL DE MATERIA--NOMBRE GEOGRÁFICO
Nombre geográfico El Khiam (Jordania, Yacimiento)
9 (RLIN) 168832
710 2# - ENTRADA AGREGADA--NOMBRE DE ENTIDAD CORPORATIVA
Nombre de entidad corporativa o nombre de jurisdicción como elemento de entrada Instituto Español de Prehistoria.
9 (RLIN) 194516
830 0# - PUNTO DE ACCESO ADICIONAL DE SERIE-TÍTULO UNIFORME
Título uniforme Biblioteca praehistorica hispana ;
Designación de volumen o secuencia 5
9 (RLIN) 231206
852 ## - LOCALIZACIÓN
Ubicación ES-MaACL
Número de control de estantería P-1081
Sublocalización o colección R.59885
Holdings
Estatus retirado Estado de pérdida Estado de daño No para préstamo Biblioteca de origen Biblioteca actual Ubicación en estantería Fecha de adquisición Fuente de adquisición Total de préstamos Signatura topográfica completa Código de barras Visto por última vez Precio de reemplazo Tipo de ítem Koha
        Biblioteca del Ateneo de Madrid Biblioteca del Ateneo de Madrid Depósito 2 17/01/2008     P-1081 1077669 23/02/2023 23/02/2023 Libro impreso